| 000 | 00957nam a22002777a 4500 | ||
|---|---|---|---|
| 003 | CHAP | ||
| 005 | 20220817041735.0 | ||
| 008 | 971013s1980 r 00010 d | ||
| 010 | _a23051 | ||
| 011 | _a24023 | ||
| 035 | _a28122 | ||
| 040 | _cCHAP | ||
| 100 | 0 | 0 |
_aAwa, Njoku E. _98889 |
| 245 |
_aFood production problems of small farmers in low-technology mations _b: some evidence from Nigeria |
||
| 260 |
_aIthaca, N.Y. : _bCornell University. New York State College of Agricultural and Life Sciences, _c1980 |
||
| 300 | _a16 p | ||
| 490 |
_aCornell international agriculture mimeograph _v; 79 |
||
| 590 |
_aBATCH-UPD _b10 _c20130110 _lUCH01 _h0331 |
||
| 590 |
_aBATCH-UPD _b10 _c20130110 _lUCH01 _h2140 |
||
| 590 |
_aCONVERSION _b10 _c20130109 _lUCH01 _h1314 |
||
| 650 | 1 | 4 |
_aAgricultura _xNigeria. _91751 |
| 830 | 0 |
_aCornell international agriculture mimeograph _v; 79 |
|
| 901 | _aBK | ||
| 942 | _cFOLL | ||
| 949 |
_bBC _cFOLL _d-64898 _eTS1 _i28122 _mD _si |
||
| 999 |
_c23051 _d23051 |
||